[Event "1st Chesspangenberg Open"]
[Site "Buenos Aires ARG"]
[Date "2003.11.10"]
[Round "6"]
[White "Ricardi,P"]
[Black "Perdomo,L"]
[Result "1-0"]
[WhiteElo "2540"]
[BlackElo "2331"]

1.Nf3 Nf6 2.c4 g6 3.Nc3 Bg7 4.d4 O-O 5.e4 d6 6.Be2 e5 7.Be3 h6 8.dxe5 Ng4
9.Bf4 Nxe5 10.Qd2 g5 11.Be3 Nbc6 12.h4 g4 13.Nxe5 dxe5 14.Bxh6 Qxd2+ 15.Bxd2 Nd4
16.Rc1 c6 17.Bd3 Be6 18.b3 Rad8 19.Bb1 Rd7 20.Ne2 Rfd8 21.Nxd4 exd4 22.Bd3 Be5
23.f4 gxf3 24.gxf3 f6 25.Kf2 Kh8 26.h5 Rf7 27.h6 f5 28.Rh5 fxe4 29.Rxe5 Rxf3+
30.Ke1 exd3 31.Rxe6 Rg8 32.Kd1 Rg1+ 33.Re1 Rg2 34.Rb1 Rff2 35.Rb2 c5 36.Kc1 a5
37.Rd1 b6 38.Kb1 Kh7 39.Bc1 Rxb2+ 40.Bxb2 Kxh6 41.Rxd3 Kg5 42.Rf3 Kg4 43.Rf6  1-0

[Event "ch-UKR w"]
[Site "Nikolaev UKR"]
[Date "2003.11.10"]
[Round "7"]
[White "Alexandrova,O"]
[Black "Zozulia,A"]
[Result "1/2-1/2"]
[WhiteElo "2448"]
[BlackElo "2332"]

1.d4 Nf6 2.c4 g6 3.Nc3 Bg7 4.e4 d6 5.Be2 O-O 6.Nf3 e5 7.O-O exd4 8.Nxd4 Re8
9.f3 c6 10.Bg5 Qb6 11.Be3 Qxb2 12.Na4 Qa3 13.Bc1 Qb4 14.Bd2 Qa3 15.Bc1  1/2-1/2

[Event "ch-UKR"]
[Site "Simferopol UKR"]
[Date "2003.11.10"]
[Round "7"]
[White "Maly,Al"]
[Black "Savvopulo,A"]
[Result "1-0"]
[WhiteElo "2373"]
[BlackElo "2202"]

1.d4 Nf6 2.c4 g6 3.Nc3 Bg7 4.e4 d6 5.Nf3 Nbd7 6.Be2 e5 7.O-O O-O 8.d5 Nc5
9.Qc2 a5 10.Ne1 Ne8 11.Be3 f5 12.f3 f4 13.Bf2 b6 14.b3 Nf6 15.Rd1 g5 16.a3 g4
17.b4 gxf3 18.Bxf3 axb4 19.axb4 Ncd7 20.Nd3 Ba6 21.Qb3 Kh8 22.Ra1 Qe7 23.Ra2 Rfb8
24.Rfa1 Bb7 25.Nb5 Rxa2 26.Rxa2 Qd8 27.Ra7 Bf8 28.Qa4 Be7 29.Be1 c6 30.Nxd6 Bxd6
31.dxc6 Bc8 32.cxd7 Bxd7 33.Qa1 Qe7 34.Bc3 Re8 35.Ra8 Bc8 36.Nxe5 Kg8 37.Nc6 Qd7
38.Bxf6 Qxc6 39.e5 Qxc4 40.exd6 Qe6 41.Qe5  1-0

[Event "ch-UKR w"]
[Site "Nikolaev UKR"]
[Date "2003.11.12"]
[Round "9"]
[White "Alexanian,N"]
[Black "Zozulia,A"]
[Result "0-1"]
[WhiteElo "2178"]
[BlackElo "2332"]

1.d4 Nf6 2.c4 g6 3.Nc3 Bg7 4.e4 d6 5.Nf3 O-O 6.Be2 Na6 7.O-O e5 8.dxe5 dxe5
9.Qc2 Qe8 10.Nd5 c6 11.Nxf6+ Bxf6 12.Bh6 Bg7 13.Bxg7 Kxg7 14.c5 Nc7 15.Qc3 Bg4
16.Nd4 Rd8 17.Bxg4 Rxd4 18.Rae1 Qe7 19.f4 Na6 20.Rc1 Rxe4 21.f5 Qg5 22.f6+ Kg8
23.Bf3 Rf4 24.Be2 Nb4 25.Qh3 Nd5 26.Rce1 Nxf6 27.Qb3 Ne4 28.Bc4 Qe7 29.Qc2 Qxc5+  0-1

[Event "7th BayEM"]
[Site "Bad Wiessee GER"]
[Date "2003.11.13"]
[Round "6"]
[White "Fridman,D2"]
[Black "Papa,S"]
[Result "1-0"]
[WhiteElo "2592"]
[BlackElo "2401"]

1.c4 Nf6 2.Nf3 g6 3.Nc3 Bg7 4.e4 d6 5.d4 O-O 6.Be2 Na6 7.O-O e5 8.Re1 Qe8
9.Bf1 Bg4 10.d5 Nb4 11.Be2 a5 12.Be3 Na6 13.a3 Bd7 14.Nd2 h5 15.h3 Nh7 16.b4 axb4
17.axb4 Nxb4 18.Qb3 c5 19.dxc6 Nxc6 20.Qxb7 Rb8 21.Qc7 Qe6 22.Nb5 Nd4 23.Nxd6 Nc2
24.c5 Rbd8 25.Bc4 Qe7 26.c6 Nxe1 27.Rxe1 Bf6 28.Nxf7 Rxf7 29.cxd7 Qxd7 30.Qa5 Kg7
31.Bxf7 Qxf7 32.Nf3 Qb7 33.Nxe5 Ra8 34.Qc5 Rc8 35.Qd6  1-0

[Event "IX It"]
[Site "Montecatini Terme ITA"]
[Date "2003.11.13"]
[Round "8"]
[White "Naumkin,I"]
[Black "Piscopo,P"]
[Result "1-0"]
[WhiteElo "2401"]
[BlackElo "2321"]

1.d4 Nf6 2.Nf3 g6 3.c4 Bg7 4.Nc3 O-O 5.e4 d6 6.Be2 Na6 7.O-O e5 8.Re1 exd4
9.Nxd4 Nc5 10.Bf1 Re8 11.f3 c6 12.Be3 Qe7 13.Qd2 Be6 14.Rad1 Rad8 15.b4 a5
16.Nxe6 Nxe6 17.bxa5 Nc5 18.Bf2 Qc7 19.Ne2 Rd7 20.Qb4 Ra8 21.Qb6 Bf8 22.Bd4 Be7
23.Qb2 Ne8 24.Nc1 Qxa5 25.Nb3 Qd8 26.g3 Bf6 27.Bxf6 Qxf6 28.e5 Qd8 29.exd6 Nxb3
30.axb3 Qb6+ 31.Qf2 c5 32.Rd5 Nf6 33.Rxc5 Qxb3 34.Rb5 Qc3 35.c5 Ra2 36.Qxa2 Qxe1
37.Qf2 Qc1 38.Qd4 Nh5 39.Ra5 Rd8 40.Ra1 Qg5 41.Rb1 Ng7 42.Bc4 Nf5 43.Qe5 Qd2
44.Bxf7+ Kxf7 45.Rxb7+  1-0

[Event "Friendship GM"]
[Site "Cartak CZE"]
[Date "2003.11.14"]
[Round "5"]
[White "Ziegler,A"]
[Black "Kovalev,A"]
[Result "1/2-1/2"]
[WhiteElo "2353"]
[BlackElo "2572"]

1.d4 Nf6 2.c4 g6 3.Nc3 Bg7 4.e4 d6 5.Nf3 O-O 6.Be2 Nbd7 7.O-O e5 8.Be3 Ng4
9.Bg5 f6 10.Bh4 Nh6 11.dxe5 dxe5 12.Qc2 c6 13.Rfd1 Qe7 14.Rab1 Nc5 15.b4 Ne6
16.c5 Nf7 17.Bc4 h5 18.Bg3 Nfg5 19.Nxg5 fxg5 20.f3 Kh7 21.Bxe6 Bxe6 22.Rd6 Rf7
23.Bf2 g4 24.fxg4 Bh6 25.gxh5 gxh5 26.Qd3 Rg8 27.Be3 Qh4 28.Qe2 Rfg7 29.Bxh6 Rxg2+
30.Qxg2 Rxg2+ 31.Kxg2 Qh3+ 32.Kf2 Qxc3 33.Bd2 Qh3 34.Rg1 Qh4+ 35.Rg3 Qxe4
36.Kg1 Qb1+ 37.Kf2 Qxa2 38.Rg5 Bf7 39.Rxe5 Qc4 40.Rg5 Qc2 41.Rd7 Qc4 42.Rd6 Be6
43.Rxh5+ Kg8 44.Rh6 Bd5 45.Rd8+ Kf7 46.Rh7+ Kg6 47.Rh6+ Kf7 48.Rh7+ Kg6 49.Rh6+  1/2-1/2

[Event "TCh-FIN 2003-4"]
[Site "Finland FIN"]
[Date "2003.11.15"]
[Round "4"]
[White "Laihonen,P"]
[Black "Tanni,K"]
[Result "1/2-1/2"]
[WhiteElo "2260"]
[BlackElo "2117"]

1.Nf3 Nf6 2.c4 g6 3.Nc3 Bg7 4.e4 d6 5.d4 O-O 6.Be2 Nbd7 7.O-O e5 8.Bg5 h6
9.Bh4 c6 10.dxe5 dxe5 11.b4 Qe7 12.Qb3 Re8 13.Rad1  1/2-1/2

[Event "TCh-FIN 2003-4"]
[Site "Finland FIN"]
[Date "2003.11.15"]
[Round "4"]
[White "Salokangas,H"]
[Black "Ristoja,T"]
[Result "1/2-1/2"]
[WhiteElo "2206"]
[BlackElo "2219"]

1.d4 Nf6 2.c4 g6 3.Nc3 Bg7 4.e4 O-O 5.Nf3 d6 6.Be2 e5 7.O-O Nbd7 8.d5 Nc5
9.Qc2 a5 10.b3 Nh5 11.g3 f5 12.Be3 Nxe4 13.Nxe4 fxe4 14.Ng5 Nf4 15.Nxe4 Nxe2+
16.Qxe2 b6 17.a4 h6 18.h4 Bh3 19.f3 Bxf1 20.Rxf1 Qd7 21.Kg2 h5 22.Rf2 Qf5  1/2-1/2

[Event "1st GM"]
[Site "Nagykanizsa HUN"]
[Date "2003.11.15"]
[Round "11"]
[White "Flumbort,A"]
[Black "Vajda,L"]
[Result "1/2-1/2"]
[WhiteElo "2467"]
[BlackElo "2537"]

1.d4 Nf6 2.c4 g6 3.Nc3 Bg7 4.e4 d6 5.Be2 O-O 6.Nf3 e5 7.Be3 Na6 8.O-O Ng4
9.Bg5 Qe8 10.dxe5 dxe5 11.h3 h6 12.Bd2 Nf6 13.Be3 Qe7 14.Nd5 Qd6 15.Qc2 c6
16.c5 Qd8 17.Nxf6+ Qxf6 18.Rfd1 Nc7 19.Rd6 Ne6 20.b4 Re8 21.g3 Bf8 22.Rdd1 a5
23.a3 axb4 24.axb4 Rxa1 25.Rxa1 Nd4 26.Bxd4 exd4 27.e5 Qe7 28.Qe4 Bxh3 29.Bc4 Bf5
30.Qxd4 Bg7 31.Re1 Rd8 32.Qe3 Be6 33.Qb3 Bxc4 34.Qxc4 Rd5 35.Kg2 Qd7 36.Qe4 Qe6
37.Ra1 Bxe5 38.Ra8+ Kg7 39.Ra7 Bc3 40.Qxe6 fxe6 41.Rxb7+ Kf6 42.Rb6 h5 43.Ng1 g5
44.Ne2 Be1 45.Kf1 Bd2 46.b5 cxb5 47.Rxb5 Ke5 48.Rb2 Ba5 49.Rc2 Bc7 50.f4+ Kf5
51.fxg5 Kxg5 52.Kf2 Kf6 53.c6 Ke7 54.Nf4 Rf5 55.Ke3 Kf6 56.Rh2 Bxf4+  1/2-1/2

[Event "TCh-SLO"]
[Site "Celje SLO"]
[Date "2003.11.17"]
[Round "1"]
[White "Beliavsky,A"]
[Black "Kozul,Z"]
[Result "1/2-1/2"]
[WhiteElo "2667"]
[BlackElo "2597"]

1.d4 Nf6 2.c4 g6 3.Nc3 Bg7 4.e4 d6 5.Nf3 O-O 6.Be2 e5 7.O-O Na6 8.Be3 Qe7
9.dxe5 dxe5 10.Nd5 Qd8 11.Nxf6+ Bxf6 12.c5 Qxd1 13.Rfxd1 Nb4 14.Bh6 Re8 15.Bb5 c6
16.Bc4 Nc2 17.Rac1 Nd4 18.Nxd4 exd4 19.Bd3 Be6 20.b3 a5 21.Rc2 Bg7 22.Bf4 f5
23.f3 fxe4 24.Bxe4 Kf7 25.Kf2 Bf5 26.Re2 Bxe4 27.Rxe4 Rxe4 28.fxe4 Ke6 29.Ke2 Be5
30.Bd2 a4 31.b4 h5 32.h3 Rf8 33.Bh6 Rf7 34.Rd3 Bf4 35.Bxf4 Rxf4 36.Rxd4 Ke5
37.Ke3 Rf1 38.Rd7 Re1+ 39.Kf3 Rf1+ 40.Kg3 Ra1 41.Rxb7 Kxe4 42.b5 cxb5 43.Rxb5 Rxa2
44.c6 Rc2 45.Ra5 Rxc6 46.Rxa4+  1/2-1/2

[Event "13th WSen"]
[Site "Bad Zwischenahn GER"]
[Date "2003.11.19"]
[Round "3"]
[White "Rueggeberg,W"]
[Black "Glende,S"]
[Result "1/2-1/2"]
[WhiteElo "2084"]
[BlackElo "1861"]

1.d4 Nf6 2.Nf3 g6 3.c4 Bg7 4.Nc3 O-O 5.e4 d6 6.Be2 Nbd7 7.O-O e5 8.d5 Nc5
9.Qc2 Ne8 10.b4 Na6 11.Ba3 b6 12.Rad1 f5 13.exf5 Bxf5 14.Ne4 Nf6 15.Bd3 Bxe4
16.Bxe4 Nxe4 17.Qxe4 Rf4 18.Qe2 Nb8 19.Bc1 Rf5 20.g4 Rxf3 21.Qxf3 Nd7 22.g5 Qe7
23.Qg4 Nf8 24.Rde1 a5 25.b5 Re8 26.Re4 Qd7 27.Qxd7 Nxd7 28.Be3 Rf8 29.f4 Rf5
30.fxe5 Bxe5 31.Kg2 Rxf1 32.Kxf1 Kf7 33.Kg2 Kg7 34.Bd4 Kf7 35.h3 Ke7 36.Bxe5 dxe5
37.c5 bxc5 38.Ra4 Kd6 39.Rxa5 c4 40.Ra6+ Nb6 41.Kf2 Kxd5 42.Ra7 Kd6 43.a4 c3
44.Ke2 e4 45.a5 Nc4 46.Ra6+ Ke5 47.Rc6  1/2-1/2

[Event "Claude Pecaut Mem"]
[Site "Taormina ITA"]
[Date "2003.11.19"]
[Round "5"]
[White "Estremera Panos,S"]
[Black "Movsziszian,K"]
[Result "1/2-1/2"]
[WhiteElo "2350"]
[BlackElo "2475"]

1.d4 g6 2.c4 Bg7 3.e4 d6 4.Nc3 Nf6 5.Nf3 O-O 6.Be2 Na6 7.O-O e5 8.Be3 Ng4
9.Bg5 Qe8 10.dxe5 dxe5 11.h3 f6 12.Bd2 Nh6 13.c5 c6 14.Bxa6 bxa6 15.Bxh6 Bxh6
16.Qa4 Rb8 17.b3 Rf7 18.Rad1 Bf8 19.Qa5 Be6 20.Rd3 Rd7 21.Rxd7 Qxd7 22.Rd1 Qb7
23.Na4 Be7 24.Qc3 Kf7 25.Qe3 Qb4 26.Qe2 Qb5 27.Qc2 a5 28.Rd3 Qb4 29.Rc3 Rd8
30.Nb2 Kg7 31.Nc4 a4 32.bxa4 Rd1+ 33.Kh2 Qb1 34.Qxb1 Rxb1 35.Na5 Bd7 36.Rb3 Rd1
37.Rb7 Bxc5 38.Nxc6 Kg8 39.Nxa7 Bxa4 40.Kg3 Ra1 41.Rb8+ Kf7 42.Rb2 Bxa7 43.Rb7+ Kg8
44.Rxa7 Rxa2  1/2-1/2

[Event "TCh-ESP Final"]
[Site "Sanxenxo ESP"]
[Date "2003.11.20"]
[Round "4"]
[White "Bernal Moro,L"]
[Black "Kogan,Ar"]
[Result "1-0"]
[WhiteElo "2410"]
[BlackElo "2556"]

1.Nf3 d6 2.d4 g6 3.c4 Bg7 4.e4 Nd7 5.Be2 e5 6.O-O Ngf6 7.Nc3 O-O 8.Qc2 c6
9.Rd1 exd4 10.Nxd4 Re8 11.Bg5 h6 12.Bh4 Qc7 13.Kh1 a6 14.Rac1 Nc5 15.f3 Nh5
16.Bf1 Be5 17.Bf2 Ng7 18.Qd2 g5 19.Qc2 Qe7 20.b4 Nce6 21.Nf5 Nxf5 22.exf5 Ng7
23.g4 b5 24.Ne4 Nxf5 25.gxf5 Bxf5 26.Bd3 bxc4 27.Nf6+ Qxf6 28.Bxf5 Rab8 29.Rb1 d5
30.Bg4 Bc3 31.a3 d4 32.Qa2 d3 33.Qxc4 d2 34.Kg2 Re7 35.Rb3 Re1 36.f4 Rxd1
37.Bxd1 Bb2 38.fxg5 hxg5 39.Rf3 Qg7 40.Qd3 Bc1 41.Bd4  1-0

[Event "13th WSen"]
[Site "Bad Zwischenahn GER"]
[Date "2003.11.21"]
[Round "5"]
[White "Arkhangelsky,B"]
[Black "Karl,H"]
[Result "0-1"]
[WhiteElo "2366"]
[BlackElo "2265"]

1.d4 Nf6 2.Nf3 g6 3.c4 Bg7 4.Nc3 O-O 5.e4 d6 6.Be2 e5 7.O-O Qe8 8.dxe5 dxe5
9.Be3 b6 10.Nd5 Na6 11.Qc2 Ng4 12.Bg5 f6 13.Bc1 c6 14.Nc3 Nc5 15.b3 Rf7 16.a4 Ne6
17.a5 Nd4 18.Nxd4 exd4 19.Na4 f5 20.Bxg4 fxg4 21.Bb2 Rb8 22.Rad1 c5 23.axb6 axb6
24.Bc1 Qe7 25.Rfe1 Be5 26.Nb2 Bb7 27.Nd3 Rbf8 28.Re2 Bc7 29.e5 Qe6 30.Bh6 Qc6
31.Ne1 Re8 32.f4 gxf3 33.Nxf3 Rxf3 34.gxf3 Qxf3 35.Rg2 Qxg2+ 36.Qxg2 Bxg2
37.Kxg2 Bxe5  0-1

[Event "TCh-SLO"]
[Site "Celje SLO"]
[Date "2003.11.21"]
[Round "7"]
[White "Dizdar,S"]
[Black "Srebrnic,V"]
[Result "0-1"]
[WhiteElo "2351"]
[BlackElo "2272"]

1.c4 g6 2.Nc3 Bg7 3.d4 d6 4.e4 Nf6 5.Nf3 O-O 6.Be2 e5 7.O-O exd4 8.Nxd4 Re8
9.Qc2 Nxe4 10.Nxe4 Bxd4 11.Bg5 f6 12.Rad1 fxg5 13.Rxd4 Nc6 14.Rd2 Bf5 15.Bd3 Nb4
16.Qc3 Bxe4 17.Qxb4 Bc6 18.c5 Kg7 19.f4 dxc5 20.Qxc5 Qe7 21.Qxg5 Qxg5 22.fxg5 Rad8
23.Rfd1 Re5 24.Bc4 Rxd2 25.Rxd2 Rxg5 26.Re2 Kf8 27.Rf2+ Rf5 28.Rxf5+ gxf5
29.Bd3 Bd7 30.g4 Kg7 31.gxf5 Kf6 32.Kf2 Bxf5 33.Be2 Ke5 34.Ke3 c5 35.a3 Bd7
36.Bf3 b6 37.Bb7 a5 38.Bf3 b5 39.Bb7 Be6 40.Ba6 b4 41.Bd3 h6 42.axb4 axb4
43.Bh7 c4 44.Bg6 Kd5 45.Bh7 Kc5 46.Bg6 Bd7 47.Be4 Bb5 48.Kd2 Kd4 49.Bg6 Bc6
50.Bf7 Be4 51.Be8 c3+ 52.bxc3+ bxc3+ 53.Ke2 Bc2 54.h4 Kc4 55.Bf7+ Kb4 56.h5 Ka3
57.Bg6 Kb2 58.Kf2 Bd1  0-1

[Event "Gufeld Memorial"]
[Site "Burbank USA"]
[Date "2003.11.23"]
[Round "3"]
[White "Kretchetov,A"]
[Black "Matikozian,A"]
[Result "0-1"]
[WhiteElo "2360"]
[BlackElo "2450"]

1.d4 Nf6 2.c4 g6 3.Nc3 Bg7 4.e4 d6 5.Be2 O-O 6.Nf3 e5 7.d5 a5 8.Bg5 h6 9.Bh4 Na6
10.Nd2 Qe8 11.a3 Bd7 12.b3 Nh7 13.Rb1 h5 14.f3 Bh6 15.O-O Be3+ 16.Kh1 Bc5
17.Qc1 f5 18.Rd1 f4 19.Na2 g5 20.Be1 g4 21.Bh4 Rf7 22.b4 axb4 23.axb4 Be3
24.Qc2 Rg7 25.Nb3 Qg6 26.c5 Ng5 27.c6 gxf3 28.gxf3 Nxe4  0-1

[Event "Gufeld Memorial"]
[Site "Burbank USA"]
[Date "2003.11.24"]
[Round "5"]
[White "Kraai,J"]
[Black "Matikozian,A"]
[Result "1-0"]
[WhiteElo "2443"]
[BlackElo "2450"]

1.Nf3 Nf6 2.c4 g6 3.Nc3 Bg7 4.e4 d6 5.d4 O-O 6.Be2 e5 7.O-O exd4 8.Nxd4 Re8
9.f3 Nc6 10.Be3 Nh5 11.Qd2 f5 12.Rad1 f4 13.Bf2 Ne5 14.Kh1 c6 15.Nb3 Be6
16.c5 dxc5 17.Nxc5 Qxd2 18.Rxd2 Bc8 19.Rfd1 Kf7 20.a4 g5 21.g4 Nf6 22.Kg2 h5
23.h3 a5 24.Bd4 b6 25.Bxe5 Rxe5 26.Bc4+ Kg6 27.Nb3 Bf8 28.Nd4 Bd7 29.Nf5 Ra7
30.Bg8 h4 31.Bb3 Bc5 32.Nd6 Be6 33.Bxe6 Rxe6 34.Nf5 Ra8 35.Ne2 Ree8 36.Rd3 Rab8
37.Nd6 Re7 38.Nc4 Kf7 39.Nd4 Bxd4 40.Rxd4 b5 41.axb5 cxb5 42.Nxa5 Rc8 43.Nb3 Rc2+
44.R4d2 Rec7 45.Nd4 Rxd2+ 46.Rxd2 b4 47.Kf2 Rc1 48.Nc2 Ke6 49.Nxb4 Nd7 50.Nd3 Rb1
51.Rc2 Rh1 52.Rc6+ Kf7 53.Kg2 Rd1 54.Rd6 Rd2+ 55.Kf1 Ke7 56.Rd5 Nb6 57.Ke1 Rh2
58.Rxg5 Rxh3 59.Kf2 Nc4 60.Nxf4 Rh2+ 61.Kg1 Rxb2 62.Rc5 Nd2 63.Ng6+ Kd6 64.Rd5+ Ke6
65.Nxh4 Nc4 66.Ng2 Kf6 67.g5+ Kf7 68.Rc5 Nd2 69.Ne1 Kg6 70.Rf5 Kh5 71.Ng2 Nc4
72.Nf4+ Kh4 73.g6 Nd2 74.g7 Nxf3+ 75.Kf1 Nd2+ 76.Ke1 Nxe4 77.Rh5+  1-0

[Event "TCh-AUT 2003-4"]
[Site "Graz AUT"]
[Date "2003.11.28"]
[Round "1"]
[White "Danner,G"]
[Black "Kotz,H"]
[Result "1-0"]
[WhiteElo "2402"]
[BlackElo "2354"]

1.d4 Nf6 2.Nf3 g6 3.c4 Bg7 4.Nc3 O-O 5.e4 d6 6.Be2 e5 7.d5 a5 8.Be3 Ng4 9.Bg5 f6
10.Bh4 Na6 11.Nd2 h5 12.h3 Nh6 13.f3 Qe8 14.a3 Bd7 15.b3 f5 16.Rb1 Bf6 17.Bf2 h4
18.b4 axb4 19.axb4 Qe7 20.c5 Rfb8 21.Nc4 Be8 22.cxd6 cxd6 23.Nb6 Ra7 24.O-O Qc7
25.Qd2 Nf7 26.Bb5 Bg5 27.Qd3 Nxb4 28.Rxb4 Ra3 29.Bxe8 Rxc3 30.Bxf7+ Kxf7
31.Rc4  1-0

[Event "34th NCC"]
[Site "Philadelphia USA"]
[Date "2003.11.28"]
[Round "1"]
[White "Salman,J"]
[Black "Sarkar,J"]
[Result "0-1"]
[WhiteElo "2234"]
[BlackElo "2369"]

1.c4 Nf6 2.d4 g6 3.Nf3 Bg7 4.Nc3 d6 5.e4 O-O 6.Be2 Na6 7.O-O e5 8.Re1 c6
9.Bf1 exd4 10.Nxd4 Nc5 11.Nb3 Qe7 12.f3 Nfd7 13.Be3 Ne5 14.Qc2 Be6 15.Nxc5 dxc5
16.b3 f5 17.Rad1 f4 18.Bc1 g5 19.Be2 g4 20.fxg4 Nxg4 21.Bxg4 Bxg4 22.Rd3 Rad8
23.Rxd8 Qxd8 24.h3 Qd4+  0-1

[Event "Cultural Village"]
[Site "Wijk aan Zee NED"]
[Date "2003.11.28"]
[Round "4"]
[White "Schuurman,P"]
[Black "Bottema,To"]
[Result "1/2-1/2"]
[WhiteElo "2263"]
[BlackElo "2305"]

1.d4 g6 2.c4 Bg7 3.e4 d6 4.Nf3 Nf6 5.Nc3 O-O 6.Be2 Nbd7 7.O-O e5 8.Re1 c6
9.Be3 Ng4 10.Bg5 f6 11.Bh4 Nh6 12.dxe5 dxe5 13.b4 Qe7 14.Qb3 Rd8 15.Rad1 g5
16.Bg3 Nf8 17.Rxd8 Qxd8 18.Rd1 Qe7 19.c5+ Be6 20.Bc4 Nf7 21.Nd2 Rd8 22.f3 Bxc4
23.Nxc4 Ne6 24.Rxd8+ Qxd8 25.Bf2 Qd3 26.Nd6 Nxd6 27.cxd6 Qxd6 28.Bxa7 Bf8
29.a3 Kg7 30.Qd1 Qxd1+ 31.Nxd1 b5 32.Ne3 Kf7 33.Kf1 Ke8 34.Ke2 Kd7 35.Kd3 h5
36.g3 Kc7 37.Nc2 Nd8 38.Kc3 Nf7 39.Ne3 Nd8 40.Nf5 Ne6 41.h3 Kd7 42.Be3 Ke8
43.Kb3 Kd7 44.a4 bxa4+ 45.Kxa4 c5 46.bxc5 Bxc5 47.Bxc5 Nxc5+ 48.Kb5 Nd3 49.Ng7 h4
50.gxh4 gxh4 51.Nf5 Nf4 52.Nxh4  1/2-1/2

[Event "TCh-AUT 2003-4"]
[Site "Graz AUT"]
[Date "2003.11.29"]
[Round "2"]
[White "Balinov,I"]
[Black "Karner,C"]
[Result "1/2-1/2"]
[WhiteElo "2411"]
[BlackElo "2352"]

1.d4 Nf6 2.c4 g6 3.Nc3 Bg7 4.e4 d6 5.Nf3 O-O 6.Be2 Na6 7.O-O e5 8.Re1 Qe8
9.Bf1 Bg4 10.d5 Nb4 11.Be2 a5 12.Be3 b6 13.a3 Na6 14.Nd2 Bxe2 15.Qxe2 a4
16.b4 axb3 17.Nxb3 Nh5 18.a4 f5 19.f3 Nc5 20.Nxc5 bxc5 21.Qc2 Qc8 22.Rab1 Nf6
23.Bg5 fxe4 24.Bxf6 exf3 25.Bh4 Rf4 26.Re4 Qf5 27.Bg3 fxg2 28.Kxg2 Rf3 29.Rbe1 Rf8
30.R4e2 Qg4 31.Ne4 h5 32.h3 Qf5 33.Nf2 Rxg3+ 34.Kxg3 Qf4+ 35.Kg2 Qf3+ 36.Kh2 Qf4+
37.Kh1 Qf3+  1/2-1/2

[Event "TCh-SWE 2003-4"]
[Site "Malmo SWE"]
[Date "2003.11.29"]
[Round "4"]
[White "Landgren,P"]
[Black "Schutz,I"]
[Result "1-0"]
[WhiteElo "2239"]
[BlackElo "2214"]

1.d4 Nf6 2.c4 g6 3.Nc3 Bg7 4.Nf3 O-O 5.e4 d6 6.Be2 e5 7.O-O exd4 8.Nxd4 Re8
9.f3 c6 10.Kh1 d5 11.cxd5 cxd5 12.Bg5 dxe4 13.fxe4 h6 14.Bxf6 Bxf6 15.Bc4 Nd7
16.Ndb5 Ne5 17.Nd5 Bg5 18.Nbc7 Nxc4 19.Nxe8 Qxe8 20.Nc7 Qc6 21.Nxa8 Ne3 22.Rc1 Nxd1
23.Rxc6 bxc6 24.Rxd1 Kf8 25.Rd3 Be7 26.Rc3 Bd7 27.Nc7 Bf6 28.Rc2 Ke7 29.Na6 Be6
30.Nb4 Kd6 31.Rxc6+ Ke5 32.Nd5 Bg5 33.Nc3 Bc1 34.b3 h5 35.Kg1 Be3+ 36.Kf1 h4
37.Ke2 Bg1 38.Ra6 Bxh2 39.Rxa7 Kd4 40.Nb5+ Kxe4 41.Ra4+ Ke5 42.Rxh4 Bg3 43.Ra4 f5
44.Nd4 Bd7 45.Nf3+ Kd5 46.Ra5+ Ke4 47.a4 Bf4 48.Ra7 Bc8 49.a5 g5 50.a6 g4
51.Re7+ Kd5 52.a7  1-0

[Event "Kurent Women"]
[Site "Ptuj SLO"]
[Date "2003.11.30"]
[Round "1"]
[White "Todorovic,V"]
[Black "Mihevc,N"]
[Result "0-1"]
[WhiteElo "2125"]
[BlackElo "2145"]

1.Nf3 Nf6 2.c4 g6 3.Nc3 Bg7 4.e4 d6 5.d4 O-O 6.Be2 e5 7.O-O c6 8.d5 Na6 9.Be3 Ng4
10.Bg5 f6 11.Bh4 h5 12.h3 Nh6 13.c5 Nxc5 14.b4 Nd7 15.dxc6 bxc6 16.Qxd6 g5
17.Qxc6 Nb6 18.Bg3 Bd7 19.Qd6 Nf7 20.Qd2 Qe7 21.Rab1 Rfd8 22.Qe3 Rac8 23.Ba6 Rb8
24.Rfd1 Be6 25.Qc5 Bf8 26.Qe3 Rxd1+ 27.Rxd1 Qxb4 28.Nd5 Nxd5 29.exd5 Rd8
30.Bxe5 fxe5 31.Nxe5 Qf4 32.Re1 Qxe3 33.Rxe3 Bxd5 34.a4 Kg7 35.Be2 h4 36.Ng4 Bd6
37.Bb5 Rc8 38.Re1 Bf4 39.Ne3 Bb7 40.Nf5+ Kf6 41.Ne3 Ne5 42.Nf1 Bc6 43.Bxc6 Rxc6
44.Rd1 Nf7 45.Rd7 a6 46.g3 hxg3 47.fxg3 Bd6 48.Nd2 Ke6 49.Rb7 Bxg3  0-1

[Event "Kurent Women"]
[Site "Ptuj SLO"]
[Date "2003.11.30"]
[Round "1"]
[White "Srebrnic,A"]
[Black "Novak,K"]
[Result "1-0"]
[WhiteElo "2241"]
[BlackElo "2119"]

1.Nf3 Nf6 2.c4 g6 3.Nc3 Bg7 4.e4 d6 5.d4 O-O 6.Be2 e5 7.d5 c5 8.Bg5 h6 9.Bd2 Ne8
10.Qc1 Kh7 11.h4 f5 12.h5 g5 13.exf5 Bxf5 14.g4 Bd7 15.Ne4 b5 16.Nexg5+ hxg5
17.Nxg5+ Kg8 18.Qc2 Nf6 19.h6 Bh8 20.Qg6+  1-0

[Event "Cultural Village"]
[Site "Wijk aan Zee NED"]
[Date "2003.12.03"]
[Round "9"]
[White "Schuurman,P"]
[Black "Tan,Kev"]
[Result "0-1"]
[WhiteElo "2263"]
[BlackElo "2294"]

1.d4 Nf6 2.c4 g6 3.Nc3 Bg7 4.e4 d6 5.Be2 O-O 6.Nf3 e5 7.Be3 Na6 8.O-O Qe8
9.dxe5 dxe5 10.Nd2 Nd7 11.a3 f5 12.f3 Nf6 13.c5 Be6 14.Qc2 Nb8 15.b4 Nc6
16.Bb5 Qf7 17.Ne2 Rad8 18.Bxc6 bxc6 19.Rac1 Rd7 20.exf5 gxf5 21.Nc4 Nd5 22.Bf2 Ne7
23.Na5 Rfd8 24.Rcd1 Qh5 25.Rxd7 Rxd7 26.Rd1 Rxd1+ 27.Qxd1 Bd5 28.Nc3 Qg5
29.h4 Qf6 30.Nxd5 cxd5 31.c6 d4 32.Qd3 Qe6 33.b5 e4 34.fxe4 fxe4 35.Qc4 Kf7
36.Bg3 Nd5 37.Nb3 e3 38.Nxd4 Bxd4 39.Qxd4 e2 40.Qd2 Nf6 41.a4 Qe4 42.Kh2 Ng4+
43.Kh3 Ne3 44.Qd7+ Kg6 45.h5+ Kh6 46.Bf4+ Qxf4 47.Qe6+ Kxh5 48.Qe8+ Kg5 49.Qg8+ Kf6
50.Qd8+ Kf5 51.Qd3+ Kg5 52.Qd8+ Qf6 53.Qg8+ Kf4 54.g3+ Kf3 55.Qxh7 Qf5+  0-1

[Event "22nd SEA Games Team Rapid"]
[Site "Ho Chi Minh City VIE"]
[Date "2003.12.05"]
[Round "2.1"]
[White "Wu Shaobin"]
[Black "Chaivichit,S"]
[Result "1/2-1/2"]
[WhiteElo "2528"]
[BlackElo "2264"]

1.d4 Nf6 2.c4 g6 3.Nc3 Bg7 4.e4 d6 5.Nf3 O-O 6.Be2 e5 7.dxe5 dxe5 8.Qxd8 Rxd8
9.Bg5 Re8 10.Nd5 Nxd5 11.cxd5 c6 12.Bc4 b5 13.Bb3 Bb7 14.O-O-O c5 15.Bc2 Nd7
16.Nd2 h6 17.Be3 Rac8 18.Nb3 Bf8 19.Na5 Ba8 20.a3 Kg7 21.Kb1 Bd6 22.Bd2 Rf8
23.f3 f5 24.Be3 f4 25.Bf2 Rf6 26.Bd3 a6 27.Be2 c4 28.Rc1 Bc7 29.b4 Bxa5 30.bxa5 Nc5
31.Bxc5 Rxc5 32.Kb2 Bb7 33.Kc3 Bc8 34.Rb1 Bd7 35.Kb4 Rc8 36.Rbc1 Rb8 37.Kc3 Kf8
38.h4 Ke7 39.Kb4 Kd6 40.Rh2 Ke7 41.Kc3  1/2-1/2

[Event "33rd Rilton Cup"]
[Site "Stockholm SWE"]
[Date "2003.12.05"]
[Round "9"]
[White "Nyback,T"]
[Black "Seeman,T"]
[Result "1-0"]
[WhiteElo "2497"]
[BlackElo "2429"]

1.Nf3 Nf6 2.c4 g6 3.Nc3 Bg7 4.e4 d6 5.d4 O-O 6.Be2 e5 7.O-O Na6 8.Be3 Ng4
9.Bg5 Qe8 10.dxe5 dxe5 11.h3 f6 12.Bd2 Nh6 13.c5 c6 14.Bxa6 bxa6 15.Qa4 Nf7
16.Rad1 Rb8 17.b3 Rb7 18.Rfe1 Re7 19.Nb1 f5 20.Na3 fxe4 21.Ng5 Rd7 22.Nxf7 Qxf7
23.Be3 Rd4 24.Nc4 g5 25.Qxc6 g4 26.Nd6 Qg6 27.Nxc8  1-0

[Event "TCh-CZE Extraliga 2003-4"]
[Site "Czech Rep CZE"]
[Date "2003.12.06"]
[Round "3"]
[White "Netusil,M"]
[Black "Pisk,P"]
[Result "1/2-1/2"]
[WhiteElo "2289"]
[BlackElo "2322"]

1.d4 Nf6 2.Nf3 g6 3.c4 Bg7 4.Nc3 O-O 5.e4 d6 6.Be2 Na6 7.O-O e5 8.Re1 c6
9.Bf1 Bg4 10.dxe5 Bxf3 11.Qxf3 dxe5 12.b3 Qe7 13.Bb2 Rfd8 14.Red1 Nd7  1/2-1/2

[Event "TCh-AUT B Mitte 2003-4"]
[Site "Trofaiach AUT"]
[Date "2003.12.06"]
[Round "3"]
[White "Taggatz,M"]
[Black "Mazi,L"]
[Result "0-1"]
[WhiteElo "2230"]
[BlackElo "2422"]

1.Nf3 Nf6 2.c4 g6 3.Nc3 Bg7 4.e4 d6 5.d4 O-O 6.Be2 Nbd7 7.O-O e5 8.Be3 h6
9.d5 Nh5 10.g3 Qe7 11.Rc1 Nhf6 12.Nd2 a5 13.a3 Ne8 14.b4 f5 15.f3 f4 16.Bf2 h5
17.Nb5 Bh6 18.Rc2 axb4 19.axb4 fxg3 20.hxg3 Ndf6 21.Kg2 h4 22.g4 Nh7 23.Rh1 Bxd2
24.Qxd2 g5 25.Be3 Qg7 26.c5 Qg6 27.cxd6 cxd6 28.Nc7 Nxc7 29.Rxc7 Bxg4 30.Rg1 Bh5
31.Kh2 Bxf3 32.Bxf3 Rxf3 33.Bxg5 Rg3 34.Be3 Qg4 35.Rxg3 Qxg3+ 36.Kh1 Ra1+
37.Rc1 Qf3+ 38.Qg2+ Qxg2+ 39.Kxg2 Rxc1 40.Bxc1 Kf7 41.Be3 Kg6 42.Bc5 dxc5
43.bxc5 Nf6 44.Kf3 Kg5  0-1

[Event "ch-GRE"]
[Site "Aspropyrgos GRE"]
[Date "2003.12.07"]
[Round "9"]
[White "Halkias,S"]
[Black "Banikas,H"]
[Result "1/2-1/2"]
[WhiteElo "2546"]
[BlackElo "2522"]

1.d4 Nf6 2.c4 g6 3.Nc3 Bg7 4.e4 d6 5.Nf3 O-O 6.Be2 e5 7.Be3 c6 8.d5 Ng4 9.Bg5 f6
10.Bh4 c5 11.O-O Nh6 12.Ne1 Nd7 13.Bd3 a6 14.a3 Qe8 15.b4 f5 16.f3 Bf6 17.Bf2 Qe7
18.Rb1 f4 19.Na4 b6 20.bxc5 bxc5 21.Be2 Nf7 22.Nd3 Bh4 23.Qd2 Bxf2+ 24.Nxf2 Qd8
25.Rb3 Rb8 26.Rfb1 Rxb3 27.Rxb3 h5 28.Bf1 g5 29.Be2 Kh7 30.Kf1 Rg8 31.Ke1 Nh6
32.g4 hxg4 33.fxg4 Rh8 34.Kd1 Kg7 35.h3 Ng8 36.Kc1 Ne7 37.Bf1 Ng6 38.Nb2 Qc7
39.a4  1/2-1/2

[Event "TCh-CZE Extraliga 2003-4"]
[Site "Czech Rep CZE"]
[Date "2003.12.07"]
[Round "4"]
[White "Civin,T"]
[Black "Pisk,P"]
[Result "1-0"]
[WhiteElo "2367"]
[BlackElo "2322"]

1.d4 Nf6 2.c4 g6 3.Nc3 Bg7 4.e4 d6 5.Nf3 O-O 6.Be2 Na6 7.O-O e5 8.Re1 c6
9.Bf1 Bg4 10.d5 Nb4 11.Qb3 a5 12.a3 Na6 13.Na4 Nd7 14.Bg5 Ndc5 15.Nxc5 Nxc5
16.Qe3 f6 17.Bh4 Bxf3 18.Qxf3 a4 19.Rad1 Ra6 20.Qe2 Qc7 21.f3 cxd5 22.Rxd5 f5
23.exf5 gxf5 24.Red1 Rf7 25.Bf2 Rc6 26.g3 Bf8 27.Qc2 Qe7 28.Re1 Qc7 29.Bh3 Qc8
30.f4 e4 31.Qd1 Nd3 32.Rxe4 Nxf2 33.Kxf2 Rxc4 34.Bxf5 Rc2+ 35.Re2 Rxe2+ 36.Qxe2  1-0